| 000 | 00712nam a2200181 i 4500 | ||
|---|---|---|---|
| 001 | 183250 | ||
| 003 | ES-MaACL | ||
| 005 | 20230906221838.0 | ||
| 008 | 140203s2013 sp |||| | spa d | ||
| 080 | _a321.134.2-32"19" | ||
| 100 | 1 |
_aFerrando, Ignacio ( _d1972-) _9154346 |
|
| 245 | 1 | 0 |
_aDialogar, acusar _b; seguido de: Los sistemas : relato perteneciente a "La piel de los extraños" / _cIgnacio Ferrando. |
| 260 |
_aMolina de Segura (Murcia) : _bAyuntamiento de Molina de Segura, Concejalía de Cultura y Festejos, _c[2013] |
||
| 300 |
_a[20] p. ; _c22 cm. |
||
| 586 | _aX Premio Setenil, 2013 | ||
| 710 | 1 |
_aMolina de Segura. _bConcejalía de Cultura y Festejos. _9149745 |
|
| 852 |
_aES-MaACL _j1573-F-9 |
||
| 999 |
_c183250 _d183250 |
||